Currency Demand, the Underground Economy, and, Tax Evasion-The Case of Guyana /

The persistence in Guyana of a substantial underground economy is an important consequence of economic and social policy over 1964-2000. The paper attempts to estimate the magnitude of, and changes to the underground economy in Guyana, as well as its adverse effect on tax collection, during this per...

Description complète

Détails bibliographiques
Auteur principal: Faal, Ebrima
Format: Revue
Langue:English
Publié: Washington, D.C. : International Monetary Fund, 2003.
Collection:IMF Working Papers; Working Paper ; No. 2003/007
Accès en ligne:Full text available on IMF
LEADER 01354cas a2200241 a 4500
001 AALejournalIMF002174
008 230101c9999 xx r poo 0 0eng d
020 |c 5.00 USD 
020 |z 9781451842432 
022 |a 1018-5941 
040 |a BD-DhAAL  |c BD-DhAAL 
100 1 |a Faal, Ebrima. 
245 1 0 |a Currency Demand, the Underground Economy, and, Tax Evasion-The Case of Guyana /  |c Ebrima Faal. 
264 1 |a Washington, D.C. :  |b International Monetary Fund,  |c 2003. 
300 |a 1 online resource (30 pages) 
490 1 |a IMF Working Papers 
500 |a <strong>Off-Campus Access:</strong> No User ID or Password Required 
500 |a <strong>On-Campus Access:</strong> No User ID or Password Required 
506 |a Electronic access restricted to authorized BRAC University faculty, staff and students 
520 3 |a The persistence in Guyana of a substantial underground economy is an important consequence of economic and social policy over 1964-2000. The paper attempts to estimate the magnitude of, and changes to the underground economy in Guyana, as well as its adverse effect on tax collection, during this period. 
538 |a Mode of access: Internet 
830 0 |a IMF Working Papers; Working Paper ;  |v No. 2003/007 
856 4 0 |z Full text available on IMF  |u http://elibrary.imf.org/view/journals/001/2003/007/001.2003.issue-007-en.xml  |z IMF e-Library